Planificación y análisis de la práctica educativa: la secuencia formativa, fundamentos y aplicación
Uloženo v:
| Hlavní autor: | |
|---|---|
| Další autoři: | |
| Médium: | Kniha |
| Jazyk: | španělština |
| Vydáno: |
Barcelona
Graó
2003
|
| Edice: | Biblioteca de Aula. Serie Diseño y Desarrollo Curricular, 181
|
| Témata: | |
| Tagy: |
Přidat tag
Žádné tagy, Buďte první, kdo vytvoří štítek k tomuto záznamu!
|
MARC
| LEADER | 00000cam a2200000 a 4500 | ||
|---|---|---|---|
| 001 | UCL0883 | ||
| 003 | CL-VaPUC | ||
| 005 | 20230307170122.0 | ||
| 008 | 030825e20030000SP |||||||||||||||||spa|d | ||
| 999 | |c 304609 |d 304607 | ||
| 020 | |a 8478272984 | ||
| 040 | |c Pontificia Universidad Católica de Valparaíso | ||
| 082 | 0 | 4 | |a 375.001 |b GIN |2 21 |
| 100 | 1 | |a Giné Freixes, Núria |e coordinadora |9 880427 | |
| 245 | 1 | 0 | |a Planificación y análisis de la práctica educativa: la secuencia formativa, fundamentos y aplicación |
| 260 | |a Barcelona |b Graó |c 2003 | ||
| 300 | |a 143 p | ||
| 490 | 0 | |a Biblioteca de Aula. Serie Diseño y Desarrollo Curricular, 181 | |
| 583 | |a last modification |c 20140410 05:44:31 |k Rodrigo Vera | ||
| 650 | 0 | |a Planificación del currículo |9 269599 | |
| 650 | 0 | |a Evaluación de la educación |9 237505 | |
| 650 | 0 | |a Innovaciones pedagógicas |9 307471 | |
| 700 | |a Parcerisa Aran, Artur |e coordinador |9 477620 | ||
| 942 | |c BK |2 ddc | ||
| 945 | |d 20030825 00:00:00 |a cmena | ||
| 952 | |0 0 |1 0 |4 0 |6 375_001000000000000_GIN_2003 |7 0 |8 A |9 367114 |a BIBEDU |b BIBEDU |d 2019-11-21 |i 3933008 |o 375.001 GIN 2003 |p 3933008 |r 2019-11-21 |w 2019-11-21 |y BK |k EDU | ||
| 952 | |0 0 |1 0 |4 0 |6 375_001000000000000_GIN_2003 |7 0 |8 A |9 367115 |a BIBEDU |b BIBEDU |d 2019-11-21 |i 4789598 |o 375.001 GIN 2003 |p 4789598 |r 2019-11-21 |w 2019-11-21 |y BK |k EBA | ||